Responses for show #7094 - Thursday, June 18, 2015

Brennan Bushee game 4.

Contestants

Megan Casey, a mechanical engineer from Boulder, Colorado

Ian Giesbrecht, a learning quality specialist originally from Sandspit, British Columbia, Canada

Brennan Bushee, an operations analyst from Malden, Massachusetts (whose 3-day cash winnings total $85,202)

Jeopardy! Round responses

LET'S TALK ABOUT NECKS
THE MONEY MAN
EATYMOLOGY
DOUBLE "B"
BEASTLY LIT
NBA ALL-STARS
    $200 13
a giraffe

Brennan
    $200 18
Columbus

Brennan
    $200 2
cole slaw

Brennan
    $200 3
scribbling

Brennan
    $200 20
Eeyore

Brennan
    $200 1
Kareem Abdul-Jabbar

Megan
    $400 17
the spine

Brennan
    $400 19
(Alex: [*] on the $1 bill.)

(George) Washington

Megan
    $400 7
ravioli

Megan
    $400 5
rubble

Ian
    $400 24
a watchdog

Ian
    $400 4
Chris Paul

Ian
    $600 28
a guitar

Ian
    $600 21
(Alex: Yes, he was making $75,000 at the time.)

Wilson

Brennan
    $600 8
enchiladas

Megan
    $600 6
cribbage

Megan
    $2,000 25
the Red Pony

Ian
    $600 14
Shaquille O'Neal

Brennan
    $800 29
beer

Ian
    $800 22
Daniel Boone

Triple Stumper
    $800 9
a pomegranate

Ian
    $800 10
a scabbard

Ian
    $800 26
Jonathan Livingston

Ian
    $800 15
Larry Bird

Brennan
    $1000 30
a plesiosaur

Ian
    $1000 23
[Alex reads an "a" into the clue before "Ulysses".]

Andrew Jackson

Triple Stumper
    $1000 12
Oscar

Megan
    $1000 11
an abbot

Megan
    $1000 27
Peter Benchley

Triple Stumper
    $1000 16
Julius Erving

Ian

Scores at the first commercial break (after clue 15):

Brennan Ian Megan
$2,000 $2,400 $3,800

Scores at the end of the Jeopardy! Round:

Brennan Ian Megan
$3,400 $9,000 $4,200

Double Jeopardy! Round responses

CUBAN FIVE
TO LIFE!
A TOP 40 HIT 3 TIMES
THE NATIONAL GALLERY OF ART
"G--OLOGY"
MBA ALL-STARS
    $400 10
Raul Castro

Brennan
    $400 22
Literacy

Brennan
    $400 6
(Ian: Who are The Carpenters?)
(Brennan: Who are the Bee Gees?)

the Jacksons

BrennanIan
Triple Stumper
    $400 17
landscape

Brennan
    $400 1
gynecology

Brennan
    $400 11
[Alex reads "co" as "company.]

PepsiCo

Brennan
    $800 26
Guantanamo Bay

Megan
    $800 23
(Alex: A minute to go, now, Brennan.)

I-L-E

Triple Stumper
    $800 7
Donna Summer

Brennan
    $800 18
Winslow Homer

Brennan
    $800 2
gemology

Brennan
    $800 13
GM

Brennan
    $1200 27
(Megan: What are the... the West Indies?)

the (Greater) Antilles

IanMegan
    $1200 24
a midlife crisis

Brennan
    $1200 8
James Taylor

Triple Stumper
    $1200 19
(Andrew) Mellon

Brennan
    $3,000 3
gerontology

Brennan
    $4,000 14
(Brennan: What is...Ryobi?)

(the) Cisco (Kid)

Brennan
    $1600 28
SanterĂ­a

Brennan
    $1600 25
lithium & iron

Megan
    $1600 9
Peggy Lee

Megan
    $1600 20
Turner

Megan
    $1600 4
gastroenterology

Brennan
    $1600 15
(Ian: What is Fokker?)

Lockheed Martin

Ian
Triple Stumper
    $2000 29
[The end-of-round signal sounds.]

the royal palm

Triple Stumper
    $2000 12
(Ian: Who're Tammy Wynette and George Jones?)

Johnny Cash & June Carter

Ian
Triple Stumper
    $2000 21
Christo

Brennan
    $2000 5
(Alex: You did well, Brennan.)

geochronology

Triple Stumper
    $2000 16
JPMorgan Chase

Triple Stumper

Scores at the end of the Double Jeopardy! Round:

Brennan Ian Megan
$14,800 $6,200 $8,600

[wagering suggestions for these scores]

Final Jeopardy! Round responses

AMERICAN AUTHORS
IanWho is Alcott?
$6,100
MeganWho is Laura Ingalls Wilder
$6,201
BrennanWho is Laura Ingalls Wilder?
$2,401
Laura Ingalls Wilder

Final scores:

Brennan Ian Megan
$17,201 $100 $14,801
4-day champion: $102,403 3rd place: $1,000 2nd place: $2,000

Game dynamics:

Coryat scores:

Brennan Ian Megan
$17,000 $4,800 $8,600
24 R
(including 1 DD),
2 W
(including 1 DD)
12 R
(including 1 DD),
3 W
11 R,
1 W

Combined Coryat: $30,400

The J! Archive is created by fans, for fans. The Jeopardy! game show and all elements thereof, including but not limited to copyright and trademark thereto, are the property of Jeopardy Productions, Inc. and are protected under law. This website is not affiliated with, sponsored by, or operated by Jeopardy Productions, Inc. Join the discussion at JBoard.tv.